| 000 | 00608nam a22002057a 4500 | ||
|---|---|---|---|
| 003 | BD-DhJNU | ||
| 005 | 20250210092516.0 | ||
| 008 | 250210b |||||||| |||| 00| 0 eng d | ||
| 020 | _a8173712700 | ||
| 020 | _a9788173712708 | ||
| 040 |
_aBD-DhJNU _bENG _cBD-DhJNU _dBD-DhJNU |
||
| 082 |
_223 _a530.01 |
||
| 100 | _aOmnes, Roland | ||
| 245 |
_aQuantum philosophy : _bunderstanding and interpreting contemporary science / _cRoland Omnes |
||
| 260 |
_aIndia : _bUniversities Press, _c2000. |
||
| 300 |
_axxiii, 296 p. : _c23 cm. |
||
| 504 | _aincludes index | ||
| 650 | _aQuantum theory | ||
| 942 |
_2ddc _cBK _n0 |
||
| 999 |
_c1297 _d1297 |
||